| 000 | 00912nam a22003017a 4500 | ||
|---|---|---|---|
| 001 | 4972 | ||
| 003 | FISKH | ||
| 005 | 20250826144606.0 | ||
| 008 | 241030b cb ||||| |||| 00| 0 eng d | ||
| 020 | _a9780688139858 | ||
| 040 |
_aFISKH _beng _cFISKH _dFISKH |
||
| 050 | _aQA113.G54 | ||
| 082 | _a513.211 | ||
| 100 |
_aJr., Paul Giganti _d(1980-2017) |
||
| 245 |
_aEach orange had 8 slices / _cA Counting Book by Paul Giganti, Jr. Pictures by Donald Crews |
||
| 250 | _a1992 | ||
| 260 |
_aNew York : _bGreenwillow, _c1992. |
||
| 300 |
_a22 pages : _bcolor illustrations ; _c21 cm |
||
| 505 | _aG | ||
| 520 | _aAn illustrated introduction to counting and simple addition. | ||
| 521 | 8 |
_a400
_bLexile |
|
| 521 | 8 |
_aG
_bRaz-Plus |
|
| 650 |
_2Multiplication _aCounting _vPicture book |
||
| 650 |
_2Math _aNumbers |
||
| 700 |
_aCrews, Donald _dIllustrator |
||
| 942 |
_2ddc _cBK _n0 |
||
| 999 |
_c4972 _d4972 |
||